[Event "LII Festival A"]
[Site "Imperia ITA"]
[Date "2010.09.03"]
[Round "7"]
[White "Mitura, Vaclav"]
[Black "Carosso, Andrea"]
[WhiteElo "2150"]
[BlackElo "2032"]
[Result "1-0"]
[PlyCount "73"]
[EventDate "2010.08.29"]

1. d4 d5 2. c4 c6 3. Nf3 Nf6 4. Qc2 a6 5. Bf4 Bg4 6. Ne5 Bh5 7. e3 e6 8. Nc3
Nbd7 9. c5 Nxe5 10. Bxe5 Bg6 11. Qb3 Ra7 12. Bxf6 gxf6 13. Be2 Qc7 14. O-O h5
15. Qd1 h4 16. b4 Be7 17. Qd2 Bd8 18. Qb2 f5 19. f4 f6 20. a4 Qg7 21. b5 axb5
22. axb5 Rxa1 23. Rxa1 O-O 24. bxc6 bxc6 25. Ra6 Be8 26. Ra8 Bg6 27. Na4 Kh8
28. Qb8 Rg8 29. Nb6 Bh5 30. Bf1 Bf7 31. Qd6 Qg4 32. Rxd8 Qd1 33. Rxg8+ Kxg8 34.
Nd7 Kg7 35. Qe7 Qe1 36. Qxf6+ Kg8 37. Qg5+ 1-0

[Event "LII Festival A"]
[Site "Imperia ITA"]
[Date "2010.09.03"]
[Round "7"]
[White "Miturova, Magdalena"]
[Black "Curtacci, Sergio"]
[WhiteElo "2086"]
[BlackElo "1999"]
[Result "1/2-1/2"]
[PlyCount "38"]
[EventDate "2010.08.29"]

1. e4 c5 2. Nf3 Nc6 3. d4 cxd4 4. Nxd4 g6 5. c4 Bg7 6. Nc2 Nf6 7. Nc3 d6 8. Be2
O-O 9. O-O b6 10. f4 Bb7 11. Rb1 Qc7 12. b3 a6 13. Bb2 e6 14. Bf3 Rfd8 15. Ne3
b5 16. Kh1 bxc4 17. Nxc4 Na5 18. Ne3 Qb6 19. Qe1 Bc6 1/2-1/2

[Event "LII Festival A"]
[Site "Imperia ITA"]
[Date "2010.09.03"]
[Round "7"]
[White "Morandi, Daniele"]
[Black "Cornaggia, Ranieri"]
[WhiteElo "1958"]
[BlackElo "1994"]
[Result "0-1"]
[PlyCount "70"]
[EventDate "2010.08.29"]

1. e4 e5 2. Nf3 Nc6 3. Bc4 Bc5 4. c3 Qe7 5. d4 Bb6 6. O-O d6 7. h3 Nf6 8. Re1
h6 9. a4 a5 10. d5 Nb8 11. b4 g5 12. Be3 g4 13. hxg4 Bxg4 14. Bxb6 cxb6 15.
Bb5+ Kf8 16. Nbd2 Rg8 17. Nc4 Nbd7 18. Ne3 Nxe4 19. Nxg4 Rxg4 20. Nh2 Rf4 21.
g3 Nxf2 22. Qh5 Rf6 23. Rf1 Ne4 24. Rxf6 Ndxf6 25. Qxh6+ Kg8 26. Bd3 Nxc3 27.
Rf1 e4 28. Rf5 Nh7 29. Bc2 Ne2+ 30. Kg2 Nd4 31. Rh5 f5 32. Bd1 e3 33. Nf3 e2
34. Bxe2 Qxe2+ 35. Kh3 Qf1+ 0-1

[Event "LII Festival A"]
[Site "Imperia ITA"]
[Date "2010.09.03"]
[Round "7"]
[White "Noli, Giovanni"]
[Black "Ingerl, Florian"]
[WhiteElo "1924"]
[BlackElo "1963"]
[Result "0-1"]
[PlyCount "84"]
[EventDate "2010.08.29"]

1. d4 d5 2. c4 e6 3. Nf3 Nf6 4. cxd5 exd5 5. g3 Be7 6. Bg2 O-O 7. O-O c6 8.
Nbd2 Bf5 9. b3 a5 10. Bb2 a4 11. bxa4 Qa5 12. Qb3 Ra7 13. Ba3 Bxa3 14. Qxa3 h6
15. Nb3 Qxa4 16. Qxa4 Rxa4 17. Nc5 Ra7 18. Nd2 Re8 19. e3 Na6 20. Nxa6 Rxa6 21.
Nb3 Nd7 22. Rfd1 Rea8 23. Rd2 Ra3 24. Rb2 b5 25. Bf1 Nb6 26. Nc5 Kf8 27. Kg2
Ke7 28. h4 R8a7 29. Kf3 Kd6 30. Kf4 Bh7 31. e4 Na4 32. e5+ Ke7 33. Nxa4 R7xa4
34. Rd2 Rc3 35. Be2 Raa3 36. Bd1 f6 37. exf6+ Kxf6 38. Bb3 Rcxb3 39. Re1 Rf3+
40. Kg4 Bf5+ 41. Kh5 Ra8 42. Rc1 g6+ 0-1

[Event "LII Festival A"]
[Site "Imperia ITA"]
[Date "2010.09.03"]
[Round "7"]
[White "Pesce, Gabriele"]
[Black "Angelini, Marco"]
[WhiteElo "2174"]
[BlackElo "2103"]
[Result "1-0"]
[PlyCount "71"]
[EventDate "2010.08.29"]

1. e4 c5 2. Nc3 e6 3. f4 d5 4. Bb5+ Bd7 5. Bxd7+ Qxd7 6. d3 Nc6 7. Nf3 Nf6 8.
O-O d4 9. Ne2 O-O-O 10. a3 Ng4 11. b4 cxb4 12. h3 Nh6 13. axb4 Bxb4 14. Bb2 Bc5
15. Ra4 b5 16. Ra2 f6 17. Kh1 Kb7 18. Qb1 Bb6 19. Rd1 e5 20. fxe5 fxe5 21. c3
Rhg8 22. Ba3 g5 23. g4 Rg7 24. Qxb5 Qf7 25. Qxc6+ Kxc6 26. Nxe5+ Kb7 27. Nxf7
Rxf7 28. Kg2 Rfd7 29. cxd4 Bxd4 30. Nxd4 Rxd4 31. Rad2 Nf7 32. Bc5 R4d7 33. d4
Ne5 34. Ra1 Nc4 35. d5 Ra8 36. Rda2 1-0

[Event "LII Festival A"]
[Site "Imperia ITA"]
[Date "2010.09.03"]
[Round "7"]
[White "Platino, Maurizio"]
[Black "Morselli, Stefano"]
[WhiteElo "1918"]
[BlackElo "1924"]
[Result "1-0"]
[PlyCount "64"]
[EventDate "2010.08.29"]

1. Nf3 d6 2. d4 g6 3. g3 Bg7 4. Bg2 Nf6 5. O-O O-O 6. c4 Nbd7 7. Nc3 Re8 8. Re1
e5 9. dxe5 Nxe5 10. Nxe5 Rxe5 11. Be3 Be6 12. Bd4 Rh5 13. Bf3 Rf5 14. b3 c6 15.
Rc1 d5 16. cxd5 cxd5 17. Rf1 h5 18. h3 h4 19. g4 Nxg4 20. Bxg4 Rg5 21. f3 Qd6
22. Bf2 Qf4 23. e3 Qc7 24. Ne4 Rxg4+ 25. fxg4 Qe5 26. Nc5 Bh6 27. Qf3 Re8 28.
Nxe6 Rxe6 29. Rc8+ Kg7 30. Bxh4 Bxe3+ 31. Kh1 g5 32. Qxf7+ Kh6 1-0

[Event "LII Festival A"]
[Site "Imperia ITA"]
[Date "2010.09.03"]
[Round "7"]
[White "Tomassoni, Leonardo"]
[Black "Cavatorta, Fosco"]
[WhiteElo "1935"]
[BlackElo "1965"]
[Result "0-1"]
[PlyCount "76"]
[EventDate "2010.08.29"]

1. e4 d6 2. d4 Nf6 3. Nc3 Nbd7 4. f4 e5 5. Nf3 exd4 6. Nxd4 g6 7. Be2 Bg7 8.
O-O O-O 9. Bf3 Re8 10. Nde2 a6 11. Ng3 h5 12. f5 Ne5 13. Bg5 c6 14. Kh1 Qc7 15.
fxg6 fxg6 16. Bxf6 Bxf6 17. Bxh5 Kg7 18. Bxg6 Bg4 19. Nh5+ Kxg6 20. Rxf6+ Kxh5
21. Qd2 Qg7 22. Rxd6 Nc4 23. Qf4 Nxd6 24. Qxd6 Rad8 25. Qg3 Qe5 26. Qe3 Qg5 27.
Qg3 Rf8 28. h3 Be6 29. Qe1 Bc4 30. g4+ Kh6 31. Qg3 Rf4 32. Re1 Rdf8 33. Rg1 Kg7
34. Qe3 Qf6 35. g5 Qe5 36. Qg3 Qd4 37. Rd1 Rf1+ 38. Rxf1 Rxf1+ 0-1

[Event "LII Festival A"]
[Site "Imperia ITA"]
[Date "2010.09.03"]
[Round "7"]
[White "Van der Borck, Alexis"]
[Black "De Marco, Walter"]
[WhiteElo "1928"]
[BlackElo "1900"]
[Result "1/2-1/2"]
[PlyCount "48"]
[EventDate "2010.08.29"]

1. e4 g6 2. d4 Bg7 3. Nc3 d6 4. f4 Nf6 5. Nf3 O-O 6. Bd3 Na6 7. a3 c5 8. d5 Nc7
9. O-O b5 10. Qe1 Bd7 11. Qh4 c4 12. Be2 e6 13. dxe6 fxe6 14. Kh1 Nh5 15. f5
Qxh4 16. Nxh4 Bf6 17. g4 Bxh4 18. gxh5 exf5 19. hxg6 hxg6 20. exf5 Bxf5 21.
Nxb5 Be4+ 22. Kg1 Nxb5 23. Bxc4+ d5 24. Bxb5 Rxf1+ 1/2-1/2

[Event "LII Festival A"]
[Site "Imperia ITA"]
[Date "2010.09.03"]
[Round "7"]
[White "Zach, Andreas"]
[Black "Luciani, Valerio"]
[WhiteElo "2314"]
[BlackElo "2210"]
[Result "1-0"]
[PlyCount "93"]
[EventDate "2010.08.29"]

1. d4 f5 2. Bf4 Nf6 3. e3 d6 4. Nc3 g6 5. h4 h6 6. Bd3 Nc6 7. Nf3 Bg7 8. e4
fxe4 9. Nxe4 O-O 10. Qd2 Ng4 11. d5 e5 12. Bg3 Ne7 13. h5 g5 14. O-O-O Nf5 15.
Bh2 Bd7 16. Bg1 Kh8 17. Ne1 Nf6 18. Nxg5 Nxd5 19. Ne4 Nf6 20. f3 Nxe4 21. fxe4
Ng3 22. Rh2 Bg4 23. Nf3 Nxh5 24. Be3 Nf4 25. Rdh1 Bxf3 26. gxf3 Rf6 27. Bf1 Qg8
28. Kb1 d5 29. exd5 Rd8 30. c4 c6 31. Bd3 cxd5 32. Bxf4 exf4 33. Qc3 d4 34. Qa5
b6 35. Qxa7 b5 36. Qe7 Rdd6 37. cxb5 Rde6 38. Qc7 Re3 39. Bc4 Qe8 40. b6 Qg6+
41. Ka1 Rxb6 42. Bf7 Qd6 43. Rxh6+ Bxh6 44. Qc8+ Kg7 45. Qg8+ Kf6 46. Rxh6+ Kf5
47. Qg4+ 1-0

[Event "LII Festival A"]
[Site "Imperia ITA"]
[Date "2010.09.04"]
[Round "8"]
[White "Angelini, Marco"]
[Black "Cornaggia, Ranieri"]
[WhiteElo "2103"]
[BlackElo "1994"]
[Result "0-1"]
[PlyCount "52"]
[EventDate "2010.08.29"]

1. e4 e5 2. Nf3 Nc6 3. d4 exd4 4. Nxd4 Bc5 5. Be3 Qf6 6. c3 Nge7 7. Bc4 d6 8.
O-O Ne5 9. Be2 Qg6 10. f3 O-O 11. Kh1 Bb6 12. a4 c6 13. Bg1 f5 14. exf5 Bxf5
15. Nxf5 Nxf5 16. Bxb6 axb6 17. Qb3+ Kh8 18. Qxb6 c5 19. Nd2 Qh6 20. Ne4 Ng6
21. Rfd1 Rae8 22. Rxd6 Rxe4 23. Rxg6 hxg6 24. Qxc5 Ng3+ 25. Kg1 Nxe2+ 26. Kf1
Ree8 0-1

[Event "LII Festival A"]
[Site "Imperia ITA"]
[Date "2010.09.04"]
[Round "8"]
[White "Brih, Said"]
[Black "Mitura, Vaclav"]
[WhiteElo "2352"]
[BlackElo "2150"]
[Result "1-0"]
[PlyCount "56"]
[EventDate "2010.08.29"]

1. Nf3 d5 2. d4 c6 3. c4 Nf6 4. Nc3 Bf5 5. g3 e6 6. Bg2 Bd6 7. O-O h6 8. Qb3
Qc8 9. Nd2 O-O 10. e4 dxe4 11. Ndxe4 Nxe4 12. Nxe4 Be7 13. Bf4 Bxe4 14. Bxe4
Nd7 15. Rfe1 Nf6 16. Bg2 Rd8 17. Rad1 Bd6 18. Be5 Bxe5 19. dxe5 Rxd1 20. Qxd1
Nd7 21. Qh5 Qc7 22. Re3 Nf8 23. Be4 Rd8 24. g4 Qd7 25. Kg2 Qd2 26. g5 hxg5 27.
Rh3 f5 28. exf6 gxf6 1-0

[Event "LII Festival A"]
[Site "Imperia ITA"]
[Date "2010.09.04"]
[Round "8"]
[White "Cavatorta, Fosco"]
[Black "Carosso, Andrea"]
[WhiteElo "1965"]
[BlackElo "2032"]
[Result "1-0"]
[PlyCount "141"]
[EventDate "2010.08.29"]

1. d4 d5 2. Nf3 Nf6 3. e3 Bg4 4. h3 Bh5 5. g4 Bg6 6. Ne5 Nbd7 7. h4 Nxe5 8.
dxe5 Nd7 9. h5 Be4 10. f3 Bxc2 11. Qxc2 Nxe5 12. Be2 e6 13. f4 Nd7 14. Nc3 c6
15. Bd2 Be7 16. g5 h6 17. gxh6 Bh4+ 18. Kd1 Rxh6 19. Be1 Bf6 20. a4 d4 21. exd4
Bxd4 22. Bd2 Nf6 23. f5 e5 24. Bxh6 gxh6 25. Kc1 Qd7 26. Nb5 Be3+ 27. Kb1 Qe7
28. Nc3 O-O-O 29. Rd1 Rg8 30. Nd5 Nxd5 31. Rxd5 Bd4 32. Rb5 Rg2 33. Rb3 Qh4 34.
Ka2 Qf2 35. Qc4 Qxe2 36. Qxf7 Qa6 37. Qe8+ Kc7 38. Qe7+ Kc8 39. Qe8+ Kc7 40.
Qe7+ Kc8 41. Qe6+ Kc7 42. Rc1 Qxa4+ 43. Kb1 b6 44. f6 c5 45. f7 Rf2 46. Rg1 Qd7
47. Qxd7+ Kxd7 48. Rg7 Ke7 49. f8=Q+ Kxf8 50. Rxa7 c4 51. Rb4 Rf1+ 52. Ka2 Rf7
53. Ra8+ Kg7 54. Rxc4 Rf2 55. Rc6 Rf7 56. Rg6+ Kh7 57. Re8 Rg7 58. Ree6 Rxg6
59. Rxg6 Bc5 60. Re6 Bd4 61. Kb3 Kg7 62. Kc2 b5 63. b3 b4 64. Kd3 Bc3 65. Ke4
Kh7 66. Re7+ Kg8 67. Kf5 Kf8 68. Rh7 e4 69. Rxh6 e3 70. Re6 Bd2 71. Kg6 1-0

[Event "LII Festival A"]
[Site "Imperia ITA"]
[Date "2010.09.04"]
[Round "8"]
[White "Curtacci, Sergio"]
[Black "Gioseffi, Massimiliano"]
[WhiteElo "1999"]
[BlackElo "2150"]
[Result "0-1"]
[PlyCount "100"]
[EventDate "2010.08.29"]

1. d4 Nf6 2. Nf3 e6 3. e3 b6 4. Bd3 Bb7 5. Nbd2 c5 6. c3 Be7 7. O-O O-O 8. Re1
Nc6 9. e4 d5 10. e5 Nd7 11. Qc2 h6 12. Nf1 cxd4 13. cxd4 Nb4 14. Bh7+ Kh8 15.
Qb1 Re8 16. a3 Nf8 17. Bd3 Nxd3 18. Qxd3 Rc8 19. Bd2 Qd7 20. Qb3 Ba6 21. Ne3
Bc4 22. Qd1 Qb5 23. Nxc4 dxc4 24. Bc3 Ng6 25. g3 Bf8 26. Qe2 Qc6 27. Nd2 Ne7
28. Ne4 Nd5 29. f4 b5 30. Rf1 Qc7 31. f5 a5 32. fxe6 Rxe6 33. Qf3 b4 34. axb4
axb4 35. Be1 Kg8 36. Rc1 Rc6 37. Nd6 Bxd6 38. Qxd5 Bf8 39. Qe4 c3 40. bxc3 bxc3
41. d5 Rc4 42. Qf3 Qxe5 43. Qxf7+ Kh8 44. Bf2 c2 45. Rfe1 Qf6 46. Qa7 Bb4 47.
Re6 Qb2 48. Rxh6+ gxh6 49. Qe3 Qxc1+ 50. Qxc1 Bd2 0-1

[Event "LII Festival A"]
[Site "Imperia ITA"]
[Date "2010.09.04"]
[Round "8"]
[White "De Marco, Walter"]
[Black "Di Lascio, Savino"]
[WhiteElo "1900"]
[BlackElo "1910"]
[Result "1/2-1/2"]
[PlyCount "52"]
[EventDate "2010.08.29"]

1. c4 Nf6 2. g3 e5 3. Bg2 Nc6 4. Nc3 Bc5 5. a3 a5 6. e3 d6 7. Nge2 Qe7 8. O-O
h5 9. d4 Ba7 10. b4 h4 11. Nd5 Nxd5 12. cxd5 Nd8 13. Qc2 hxg3 14. fxg3 Bg4 15.
Bb2 Qg5 16. Rf2 Qh5 17. Bh1 f6 18. Qa4+ Bd7 19. Qc2 Nf7 20. Be4 Rh6 21. Bf5
Bxf5 22. Qxf5 Ng5 23. h4 g6 24. Qxf6 Nh3+ 25. Kg2 Nxf2 26. Qe6+ Kd8 1/2-1/2

[Event "LII Festival A"]
[Site "Imperia ITA"]
[Date "2010.09.04"]
[Round "8"]
[White "Del Dotto, Riccardo"]
[Black "Dolezal, Radoslav jr"]
[WhiteElo "2182"]
[BlackElo "2416"]
[Result "0-1"]
[PlyCount "150"]
[EventDate "2010.08.29"]

1. d4 Nf6 2. Bf4 c5 3. e3 Qb6 4. Nc3 d5 5. Bxb8 Rxb8 6. Bb5+ Bd7 7. dxc5 Qxc5
8. Bxd7+ Kxd7 9. Nf3 Ke8 10. O-O Rc8 11. Ne5 e6 12. a4 a6 13. Qf3 Bd6 14. Nd3
Qc4 15. Nf4 Ke7 16. Rfd1 Rhd8 17. Rd4 Qc7 18. h3 Bc5 19. Rd3 Qe5 20. Qg3 Bd6
21. Qxg7 Rc4 22. Rad1 Rg8 23. Qh6 Ke8 24. g3 Bf8 25. Qh4 Be7 26. Qh6 Qf5 27. b3
Rc6 28. g4 Bf8 29. Qh4 Nxg4 30. Kf1 Ne5 31. Ncxd5 exd5 32. Rxd5 f6 33. Rd8+ Kf7
34. c4 Be7 35. R8d5 Rb6 36. Nd3 Rxb3 37. Nxe5+ fxe5 38. Rd7 Re8 39. c5 Rxe3 40.
Rxb7 Qxh3+ 41. Qxh3 Rxh3 42. Rd6 a5 43. c6 Rc3 44. Rh6 Rh8 45. Ra7 Rc4 46. Rxa5
Bf6 47. Ra7+ Ke6 48. c7 Rc6 49. Rb7 Rc8 50. Rxh7 Be7 51. Rh6+ Kd7 52. Rh5 Bd6
53. Rh7+ Ke6 54. Rh6+ Kd5 55. Rb5+ Rc5 56. Rb1 Kc6 57. Rd1 Rd5 58. Rc1+ Kb7 59.
Rb1+ Kxc7 60. Rh7+ Kc6 61. Rh6 Rf8 62. Ke2 Rf4 63. Rc1+ Kd7 64. Rh7+ Ke6 65.
Rh6+ Rf6 66. Rh4 Rc5 67. Rxc5 Bxc5 68. f3 Kd5 69. Rh8 Ra6 70. Rh4 Rb6 71. a5
Rb2+ 72. Kd3 Rb3+ 73. Ke2 Re3+ 74. Kd2 Rxf3 75. a6 Ra3 0-1

[Event "LII Festival A"]
[Site "Imperia ITA"]
[Date "2010.09.04"]
[Round "8"]
[White "Faraci, Antonino"]
[Black "Cugini, Verter"]
[WhiteElo "1973"]
[BlackElo "2122"]
[Result "0-1"]
[PlyCount "38"]
[EventDate "2010.08.29"]

1. d4 d6 2. e4 Nf6 3. Nc3 g6 4. Be2 Bg7 5. Bg5 O-O 6. Qd2 Nbd7 7. Bh6 e5 8. d5
a5 9. f3 Nxe4 10. fxe4 Qh4+ 11. g3 Qxh6 12. Qxh6 Bxh6 13. Nb5 Nc5 14. Nxc7 Rb8
15. Bf3 f5 16. exf5 Bxf5 17. Nb5 Bxc2 18. Na3 Bd3 19. h4 Be3 0-1

[Event "LII Festival A"]
[Site "Imperia ITA"]
[Date "2010.09.04"]
[Round "8"]
[White "Formento, Paolo"]
[Black "Tomassoni, Leonardo"]
[WhiteElo "1904"]
[BlackElo "1935"]
[Result "1-0"]
[PlyCount "73"]
[EventDate "2010.08.29"]

1. e4 c5 2. Nf3 d6 3. Bb5+ Bd7 4. Bxd7+ Nxd7 5. O-O Ngf6 6. Re1 e5 7. d3 Be7 8.
a4 a6 9. a5 Nb8 10. Bg5 Nc6 11. Qd2 b5 12. axb6 Qxb6 13. Nc3 Nb4 14. Nd1 Qb5
15. Ne3 g6 16. Nc4 Rd8 17. Ra5 Qb7 18. c3 Nc6 19. Ra2 O-O 20. Rea1 Nb8 21. Ne3
Nbd7 22. Rxa6 Ra8 23. Rxa8 Rxa8 24. Rxa8+ Qxa8 25. g3 Qa1+ 26. Kg2 Qa2 27. b4
Qa4 28. Bxf6 Nxf6 29. bxc5 dxc5 30. Nxe5 Qb3 31. f4 Nh5 32. Nd5 Bd8 33. Qf2 Nf6
34. Qxc5 Nxd5 35. Qxd5 Qb2+ 36. Kh3 Qe2 37. Qxf7+ 1-0

[Event "LII Festival A"]
[Site "Imperia ITA"]
[Date "2010.09.04"]
[Round "8"]
[White "Krouzel, Jaroslav"]
[Black "Mercandelli, Claudio"]
[WhiteElo "2224"]
[BlackElo "1903"]
[Result "1-0"]
[PlyCount "73"]
[EventDate "2010.08.29"]

1. d4 Nf6 2. c4 g6 3. Nc3 Bg7 4. e4 d6 5. Be2 O-O 6. Bg5 Na6 7. Nf3 h6 8. Bf4
c6 9. O-O Bg4 10. h3 Bxf3 11. Bxf3 Nd7 12. Qd2 e5 13. dxe5 Nxe5 14. Be2 Qh4 15.
Bg3 Qg5 16. Rad1 Rad8 17. Bf4 Qh4 18. Kh2 Nc5 19. g3 Qf6 20. Bxh6 Nf3+ 21. Bxf3
Bxh6 22. Qxh6 Qxf3 23. Qf4 Qh5 24. Qg4 Qxg4 25. hxg4 Kg7 26. Kg2 Rh8 27. Rd2
Rhe8 28. f3 f6 29. Rfd1 Re6 30. Ne2 Nxe4 31. fxe4 Rxe4 32. Nf4 Kf7 33. Rxd6
Rxd6 34. Rxd6 g5 35. Nh5 Ke7 36. Rxf6 Re2+ 37. Kf3 1-0

[Event "LII Festival A"]
[Site "Imperia ITA"]
[Date "2010.09.04"]
[Round "8"]
[White "Luciani, Valerio"]
[Black "Poloch, Petr"]
[WhiteElo "2210"]
[BlackElo "2268"]
[Result "1/2-1/2"]
[PlyCount "40"]
[EventDate "2010.08.29"]

1. d4 Nf6 2. c4 e6 3. Nc3 c5 4. d5 exd5 5. cxd5 d6 6. e4 g6 7. Bd3 Bg7 8. Nge2
a6 9. a4 Nbd7 10. Ng3 Qe7 11. O-O O-O 12. f4 c4 13. Bc2 Rb8 14. a5 b5 15. axb6
Nxb6 16. Qf3 Nfd7 17. e5 Bb7 18. Be4 f5 19. exf6 Nxf6 20. Qd1 Nxe4 1/2-1/2

[Event "LII Festival A"]
[Site "Imperia ITA"]
[Date "2010.09.04"]
[Round "8"]
[White "Mela, Riccardo"]
[Black "Ingerl, Florian"]
[WhiteElo "2017"]
[BlackElo "1963"]
[Result "0-1"]
[PlyCount "114"]
[EventDate "2010.08.29"]

1. e4 c5 2. Nf3 d6 3. d4 cxd4 4. Nxd4 Nf6 5. Nc3 a6 6. Be2 e6 7. O-O Nbd7 8.
Be3 b5 9. a3 Bb7 10. f3 Be7 11. Kh1 Qc7 12. Rc1 d5 13. exd5 Nxd5 14. Nxd5 Bxd5
15. Qd2 O-O 16. Bf4 Qb7 17. Rfd1 Rfd8 18. Bg5 f6 19. Bh4 Nb6 20. Qe3 Qc8 21.
Bf2 Nc4 22. Bxc4 bxc4 23. Nf5 Bf8 24. Ng3 Qb7 25. Qc3 e5 26. Re1 Rab8 27. Rb1
Be6 28. h4 Rd7 29. Ne4 Qb5 30. f4 Bf7 31. fxe5 Qxe5 32. Qxe5 fxe5 33. Nc5 Rd2
34. Nxa6 Rb5 35. Bg3 Bd5 36. Rxe5 Bxg2+ 37. Kg1 Rxe5 38. Bxe5 Bb7 39. Nb4 Bc5+
40. Kf1 Rf2+ 41. Ke1 Bf3 42. Na6 Re2+ 43. Kf1 Rxe5 44. Nxc5 Rxc5 45. b4 cxb3
46. cxb3 Rc3 47. a4 Bd5 48. b4 Ra3 49. a5 Bc4+ 50. Ke1 Bb5 51. Kd2 Rh3 52. Ra1
Rxh4 53. a6 Rxb4 54. a7 Bc6 55. a8=Q+ Bxa8 56. Rxa8+ Kf7 57. Ra6 Re4 0-1

[Event "LII Festival A"]
[Site "Imperia ITA"]
[Date "2010.09.04"]
[Round "8"]
[White "Morselli, Stefano"]
[Black "Blasco, Domenico"]
[WhiteElo "1924"]
[BlackElo "1961"]
[Result "0-1"]
[PlyCount "88"]
[EventDate "2010.08.29"]

1. g3 g6 2. Bg2 Bg7 3. Nf3 e5 4. d3 Nc6 5. Nc3 Nge7 6. e4 d6 7. Be3 O-O 8. Nh4
Nd4 9. O-O c6 10. f4 f5 11. Nf3 Ne6 12. Qd2 exf4 13. gxf4 d5 14. exd5 cxd5 15.
d4 Qb6 16. Ne5 Bxe5 17. fxe5 f4 18. Bxf4 Nxf4 19. Rxf4 Rxf4 20. Qxf4 Qxb2 21.
Rf1 Nf5 22. Bxd5+ Kg7 23. Qg5 Qxc3 24. Qf6+ Kh6 25. Qf8+ Ng7 26. Qf4+ g5 27.
Qf6+ Kh5 28. Bf3+ Bg4 29. Bxg4+ Kxg4 30. e6 Qe3+ 31. Rf2 Qe1+ 32. Kg2 Qe4+ 33.
Kf1 Nxe6 34. h3+ Kh5 35. Qf7+ Qg6 36. Qf3+ Kh6 37. h4 Rf8 38. hxg5+ Kg7 39.
Qxb7+ Rf7 40. Rxf7+ Qxf7+ 41. Qxf7+ Kxf7 42. d5 Nxg5 43. Ke2 Kf6 44. Ke3 Ke5
0-1

[Event "LII Festival A"]
[Site "Imperia ITA"]
[Date "2010.09.04"]
[Round "8"]
[White "Noli, Giovanni"]
[Black "Morandi, Daniele"]
[WhiteElo "1924"]
[BlackElo "1958"]
[Result "1-0"]
[PlyCount "59"]
[EventDate "2010.08.29"]

1. d4 Nf6 2. c4 g6 3. Nc3 Bg7 4. e4 d6 5. Bd3 O-O 6. Nge2 e5 7. d5 Nbd7 8. f3
a5 9. Be3 Nc5 10. Bc2 Ne8 11. Qd2 f5 12. exf5 gxf5 13. Bg5 Bf6 14. Bxf6 Qxf6
15. O-O-O f4 16. g4 fxg3 17. Rdg1 Kh8 18. hxg3 Bf5 19. Rh6 Qg7 20. Rgh1 Bxc2
21. Qxc2 e4 22. Rxh7+ Qxh7 23. Rxh7+ Kxh7 24. Nxe4 Kh6 25. Qd2+ Kh7 26. Nxc5
dxc5 27. Nf4 Rf6 28. Ne6 b6 29. Qg5 c6 30. Nc7 1-0

[Event "LII Festival A"]
[Site "Imperia ITA"]
[Date "2010.09.04"]
[Round "8"]
[White "Pesce, Gabriele"]
[Black "Jurek, Josef"]
[WhiteElo "2174"]
[BlackElo "2352"]
[Result "1/2-1/2"]
[PlyCount "117"]
[EventDate "2010.08.29"]

1. e4 e6 2. d4 d5 3. Nd2 a6 4. exd5 exd5 5. Bd3 Bd6 6. Ngf3 Nf6 7. O-O O-O 8.
Ne5 c5 9. c3 Nc6 10. Ndf3 Qc7 11. Nxc6 bxc6 12. dxc5 Bxc5 13. h3 Re8 14. Re1
Bd7 15. Bg5 Ne4 16. Be3 Bd6 17. Qc2 f5 18. b4 a5 19. a3 Re7 20. Bd4 Rae8 21.
Nd2 Bh2+ 22. Kh1 Be5 23. Nf3 Bd6 24. Bxe4 fxe4 25. Nd2 Rf8 26. Nf1 Ref7 27. c4
Be5 28. Bc5 Bxa1 29. Bxf8 Bd4 30. Bc5 Rxf2 31. Qb3 Bxc5 32. cxd5 Qf4 33. dxc6+
Kf8 34. Qc4 Bd6 35. cxd7 Bc7 36. Qc5+ Kf7 37. Qd5+ Kg6 38. Qe6+ Kg5 39. Qg4+
Qxg4 40. hxg4 axb4 41. Ng3 Kxg4 42. Nxe4 Rf5 43. axb4 Rh5+ 44. Kg1 Rd5 45. Nf2+
Kf5 46. Rd1 Rxd1+ 47. Nxd1 Ke6 48. Kf2 Kxd7 49. Ke3 Bb6+ 50. Ke4 Kc6 51. Nc3
Bd8 52. Ne2 Be7 53. Nd4+ Kb6 54. Nf5 Bf6 55. Nxg7 Bxg7 56. g4 h6 57. Kf5 Bc3
58. g5 h5 59. g6 1/2-1/2

[Event "LII Festival A"]
[Site "Imperia ITA"]
[Date "2010.09.04"]
[Round "8"]
[White "Rombaldoni, Denis"]
[Black "Mitura, Karel"]
[WhiteElo "2493"]
[BlackElo "2049"]
[Result "0-1"]
[PlyCount "120"]
[EventDate "2010.08.29"]

1. d4 Nf6 2. c4 g6 3. Nc3 Bg7 4. e4 d6 5. f4 O-O 6. Nf3 c5 7. d5 a6 8. Bd3 b5
9. e5 dxe5 10. fxe5 Ng4 11. Bf4 Nd7 12. Qe2 b4 13. Nd1 Qc7 14. d6 exd6 15. exd6
Qd8 16. O-O Re8 17. Qd2 Bb7 18. Be2 Nge5 19. Ne1 Re6 20. Ne3 Qb6 21. Rd1 Bf8
22. Ng4 Rxd6 23. Nh6+ Kg7 24. Nd3 f6 25. Qe1 Re8 26. Qg3 Be4 27. Nf2 Rxd1 28.
Rxd1 Qc6 29. b3 Kh8 30. Nhg4 Bg7 31. Ne3 f5 32. Nd5 Bxd5 33. cxd5 Qb6 34. Kh1
a5 35. h4 a4 36. h5 axb3 37. axb3 Kg8 38. d6 Re6 39. Bxe5 Bxe5 40. Qg5 Bf6 41.
Qf4 Kg7 42. h6+ Kf8 43. Bc4 Be5 44. Qf3 Rxd6 45. Nd3 Qc6 46. Qe2 Qe4 47. Nxe5
Qxe5 48. Rxd6 Qxd6 49. Qf3 Ke7 50. Bb5 Ne5 51. Qb7+ Kf6 52. Be2 Ng4 53. Bxg4
fxg4 54. Qg7+ Kg5 55. g3 Qd1+ 56. Kg2 Qf3+ 57. Kh2 Qf2+ 58. Kh1 Qf1+ 59. Kh2
Qh3+ 60. Kg1 Qxg3+ 0-1

[Event "LII Festival A"]
[Site "Imperia ITA"]
[Date "2010.09.04"]
[Round "8"]
[White "Sanchez, Joseph"]
[Black "Payen, Arnaud"]
[WhiteElo "2479"]
[BlackElo "2372"]
[Result "1-0"]
[PlyCount "59"]
[EventDate "2010.08.29"]

1. e4 e5 2. Nf3 d6 3. d4 exd4 4. Nxd4 Nf6 5. Nc3 Be7 6. Bf4 O-O 7. Be2 Bd7 8.
g4 Bc6 9. f3 Ne8 10. Qd2 Bh4+ 11. Bg3 Bg5 12. f4 Bf6 13. O-O-O Bxd4 14. Qxd4
Nd7 15. h4 Qb8 16. h5 b5 17. h6 g6 18. Bh4 f6 19. Bxb5 Bxb5 20. Qd5+ Rf7 21.
Nxb5 Qc8 22. Nd4 Nb6 23. Qe6 Qa6 24. g5 c5 25. Nf5 Nc7 26. Ne7+ Kf8 27. Qxd6
Qxa2 28. Nc8+ Kg8 29. Qd8+ Rf8 30. Qxc7 1-0

[Event "LII Festival A"]
[Site "Imperia ITA"]
[Date "2010.09.04"]
[Round "8"]
[White "Tomisek, Petr"]
[Black "Pienabarca, Nicola"]
[WhiteElo "1938"]
[BlackElo "2068"]
[Result "0-1"]
[PlyCount "26"]
[EventDate "2010.08.29"]

1. e4 e5 2. Nf3 Nc6 3. d4 exd4 4. Bc4 Nf6 5. e5 d5 6. Bb5 Ne4 7. Nxd4 Bc5 8.
Be3 O-O 9. Bxc6 bxc6 10. Nxc6 Bxe3 11. Nxd8 Bxf2+ 12. Ke2 Bg4+ 13. Kd3 Bxd1 0-1

[Event "LII Festival A"]
[Site "Imperia ITA"]
[Date "2010.09.04"]
[Round "8"]
[White "Van Hoolandt, Patrick"]
[Black "Miturova, Magdalena"]
[WhiteElo "2171"]
[BlackElo "2086"]
[Result "1/2-1/2"]
[PlyCount "96"]
[EventDate "2010.08.29"]

1. e4 e5 2. Nf3 Nc6 3. Bb5 a6 4. Ba4 Nf6 5. O-O Be7 6. Re1 b5 7. Bb3 O-O 8. c3
d6 9. h3 Bb7 10. d4 Re8 11. d5 Nb8 12. a4 Nbd7 13. Nbd2 Nc5 14. Bc2 c6 15. b4
Ncd7 16. dxc6 Bxc6 17. c4 bxc4 18. Nxc4 Nb6 19. Na5 Bd7 20. Bd2 Bf8 21. Qb1 Nh5
22. Rd1 Qf6 23. Nh2 Nf4 24. Bxf4 Qxf4 25. Ra3 Qh4 26. Qb3 d5 27. Raa1 d4 28.
Bd3 Rec8 29. b5 Rc3 30. Qb1 axb5 31. axb5 Qe7 32. Nf3 Kh8 33. Nc6 Bxc6 34. bxc6
Rxa1 35. Qxa1 Rxc6 36. Bb5 Rc7 37. Qa6 Nc8 38. Qa8 Kg8 39. Ba6 Nd6 40. Qd5 Ra7
41. Bd3 g6 42. Nxe5 Rc7 43. Nc6 Qe6 44. Nxd4 Qxd5 45. exd5 Rc5 46. Bc2 Rxd5 47.
Bb3 Rc5 48. Nf3 Kg7 1/2-1/2